000 01098nam a2200253Ia 4500
001 10477
003 GE_BSU
008 181216s||||||||xx |||||||||||||| ||und||
020 _a9789992865269
040 _cGE_BSU
080 _a821.353.1-3+821.353.1-31+821.353.1-32
100 _aჯავახიშვილი,მიხეილ
245 _aქართული პროზა წ.23:მიხეილ ჯავახიშვილი:კვაჭი კვაჭანტირაძე
245 _bმოთხრობები
245 _cშემდგ.რედ.ჯ.ღვინჯილია,ვ.ჯავახაძე.მხატვ.დავით დუნდუა,თამაზ შარიფაშვილი
260 _aთბილისი
260 _bსაქართველო
260 _c1995
300 _a608გვ.20სმ.
541 _h9ლ.
653 _aმიხეილ ჯავახიშვილი:კვაჭი კვაჭანტირაძე
653 _aქართული პროზა
942 _cBK
999 _c43732
_d43732